000 00594cam a22002053a 4500
001 41967
003 PGUSA
005 20140828083939.0
008 130202s2013||||xxu|||||s|||||000 | eng d
040 _aPGUSA
_beng
042 _adc
100 1 _aMichelet, Jules,
_d1798-1874
245 1 0 _aHistoire de France 1364-1415 (Volume 5/19)
_h[electronic resource] /
_cJules Michelet
260 _bProject Gutenberg,
_c2013
506 _aPublic domain in the USA.
516 _aElectronic text
830 0 _aProject Gutenberg
_v41967
856 4 0 _uhttp://www.gutenberg.org/ebooks/41967
942 _cEB
999 _c271219
_d271219